Sistemas silvopastoriles / (Registro nro. 5231)

Detalles MARC
000 -CABECERA
Campo de control 00806nam a2200253 a 4500
005 - FECHA Y HORA DE LA ULTIMA TRANSACCION
Campo de control 20160217162433.0
008 - ELEMENTOS DE LONGITUD FIJA—INFORMACION GENERAL
Campo de control 140319t1999 cr d fr|||| 00| 0 spa d
020 ## - ISBN
ISBN 9977573328
040 ## - FUENTE DE CATALOGACIÓN
Agencia catalogadora original CO-BoIAVH
Agencia transcriptora CO-BoIAVH
041 0# - IDIOMA
Código de idioma para texto/pista de sonido o título separado Español
044 ## - PAÍS DE PUBLICACIÓN
País de publicación Costa Rica
082 04 - NUMERO DE CLASIFICACION DECIMAL DEWEY
Número de clasificación 634.99
Número del ítem P52s
100 1# - ASIENTO PRINCIPAL--NOMBRE PERSONAL
Nombre personal Pezo, Danilo
9 (RLIN) 22741
245 10 - MENCION DE TITULO
Título Sistemas silvopastoriles /
Mención de responsabilidad Danilo Pezo y Muhammad Ibrahim
250 ## - MENCION DE EDICION
Mención de edición Segunda edción
260 ## - PUBLICACION, DISTRIBUCION, ETC. (PIE DE IMPRENTA)
Lugar de publicación, distribución, etc. Turrialba (Costa Rica) :
Nombre del editor, distribuidor, etc. CATIE,
Fecha de publicación, distribución, etc. 1999.
300 ## - DESCRIPCION FISICA
Extensión 276 páginas :
Otros detalles físicos cuadros, tablas ;
Dimensiones 27 x 21 cm.
490 0# - MENCION DE SERIE
Mención de serie Módulos de enseñanza agroforestal ;
Designación numérica/secuencial del volumen 2
650 #6 - ASIENTO SECUNDARIO DE MATERIA - TERMINO TEMATICO
Término temático o nombre geográfico como elemento de entrada Sistemas silvopascícolas
9 (RLIN) 60758
650 #4 - ASIENTO SECUNDARIO DE MATERIA - TERMINO TEMATICO
Término temático o nombre geográfico como elemento de entrada Sistemas silvopastorales
9 (RLIN) 60759
650 #6 - ASIENTO SECUNDARIO DE MATERIA - TERMINO TEMATICO
Término temático o nombre geográfico como elemento de entrada Sistemas silvopascícolas
Subdivisión general usos
9 (RLIN) 60760
700 1# - ASIENTO SECUNDARIO - NOMBRE PERSONAL
Nombre personal Ibrahim, Muhammad
9 (RLIN) 20313
942 ## - ELEMENTOS ADICIONALES (KOHA)
Tipo de ítem Libro
Sistema de clasificación Dewey Decimal Classification
Existencias
Withdrawn status Lost status Sistema de Clasificación Damaged status No para préstamo Colección Inventariado Ubicación Permanente Ubicación actual Fecha de adquisición Valor Total Checkouts Número topográfico Inventario / Código de Barras Date last seen Ejemplar Price effective from Forma de adquisición Tipo de material
    Dewey Decimal Classification     General Inventariado 2017 Bogotá Bogotá 22/02/2006 39000.00   LB-634.99 P52s 018511 04/12/2012 Ej. 1 04/12/2012   Libro